| 000 | 00948nam0a2200289 4500 | ||
|---|---|---|---|
| 001 | RU\NLR\bibl\832471 | ||
| 005 | 20260405070739.0 | ||
| 010 |
_a5-94939-044-X _9500 |
||
| 021 |
_aRU _b2005-40013 _91991 |
||
| 035 | _a(NLR Aleph) 000821333 | ||
| 090 |
_a1303062 _c1303062 |
||
| 100 | _a20050818d2005 |||y0rusy50 ca | ||
| 101 | 0 | _arus | |
| 102 | _aRU | ||
| 105 | _ac ||||||||| | ||
| 200 | 1 |
_aДенис Давыдов _e[лирика _fсост. - Михаил Кукулевич] |
|
| 210 |
_aМосква _cРепроцентр М _d2005 |
||
| 215 |
_a95 с. _cпортр. _d12 |
||
| 686 | _aШ6(2=Р)51-5 | ||
| 700 | 1 |
_4070 _8rus _7ca _aДавыдов _bД. В. _cпоэт _f1784-1839 _gДенис Васильевич _3RU\NLR\auth\7717131 _9221 |
|
| 702 | 1 |
_aКукулевич _bМ. _gМихаил _4220 |
|
| 801 | 0 |
_aRU _bNLR _c20050818 _grcr |
|
| 801 | 1 |
_aRU _bNLR _c20050818 |
|
| 942 | _cBOOK | ||
| 980 | _aNB | ||